000 00839nab a2200241 u 4500
001 15024
003 HDC
007 cr bn ---aaaaa
008 210217c xx dr|noo 0 a eng d
040 _aHDC
245 0 _aHalal Expo Dubai opens doors to boost UAE's $20bn imports
260 _a[No place] :
_b[publisher not identified],
_c[no date]
336 _atext
_2rdacontent
337 _acomputer
_2rdamedia
338 _aonline resource
_2rdacarrier
650 _aEconomics
_9730
650 _aHalal food industry
_zUnited Arab Emirates
_xCertification
_915346
710 _aEmirates Business
856 _zRequest full-text at [email protected]
942 _2lcc
942 _cNEWS
942 _kNWSO 004187
999 _c12340
_d12340